00593nam a2200181 i 450000100060000000300090000600500170001500700030003200800410003524500300007625000120010626000620011830000200018071000360020085200350023699900170027195201230028858890ES-MaACL20230906163919.0t|031024s1961 sp ||||1| spa d00aElementos de Geografía. a1ª ed. aMadrid : bEscuelas Internacionales, c[1961] (fNebreda) a2 v. ; c19 cm.2 aEscuelas Internacionales.93618 aES-MaACLjC-20159-60 bR.48373 c58890d58890 00104070aATENEOMbATENEOMcMESd2008-01-17eSCl0oC-20159-60p1061777r2023-02-23 00:00:00w2023-02-23yMONOGRAFIA